Films de Stanley Kubrick - Statistiques

Statistiques générales
  • Ce quiz a été pris 68 fois
  • Le résultat moyen est 8 sur 13
Statistiques - réponses
Année Box-office Acteur(s) Film % Correct
1980 44 017 374 $ Jack NicholsonShelley Duvall Shining
96%
1971 26 589 355 $ Malcolm McDowellPatrick Magee Orange mécanique
93%
1975 20 200 000 $ Ryan O'NealMarisa Berenson Barry Lyndon
86%
1999 160 637 680 $ Tom CruiseNicole Kidman Eyes Wide Shut
82%
1968 56 715 371 $ Keir DulleaGary Lockwood 2001, l'Odyssée de l'espace
79%
1987 46 357 676 $ Matthew ModineAdam Baldwin Full Metal Jacket
72%
1964 9 440 272 $ Peter SellersGeorge C. Scott Docteur Folamour
68%
1957 3 400 000 $ Kirk DouglasRalph Meeker Les Sentiers de la gloire
60%
1962 1 290 000 $ James MasonShelley Winters Lolita
54%
1960 30 000 000 $ Kirk DouglasLaurence Olivier Spartacus
54%
1956 X Sterling HaydenColeen Gray L'Ultime Razzia
30%
1955 X Frank Silvera Le Baiser du tueur
19%
1953 X Frank Silvera Fear and Desire
14%
Aucun quiz correspondant
Distribution des résultats
% des personnes avec chaque résultat
Percentile par nombre de réponses
Votre historique - résultats
Vous n’avez pas pris ce quiz